El otro nombre de los árboles /

El Premio de Literatura Ciudad y Naturaleza José Emilio Pacheco, fue creado en 2016 por el Museo de Ciencias Ambientales, del Centro Cultural Universitario de la Universidad de Guadalajara, como un medio de expresión artística donde se reflexiona sobre los problemas, necesidades y deseos de un equil...

Popoln opis

Shranjeno v:
Bibliografske podrobnosti
Glavni avtor: Gutiérrez Reyna, Jorge (autor)
Drugi avtorji: Santana Castellón, Eduardo (presentación) (presentación)
Format: Knjiga
Jezik:španščina
Izdano: Guadalajara, México : Universidad de Guadalajara, Centro Cultural Universitario, Museo de Ciencias Ambientales : Feria Internacional del Libro de Guadalajara, 2018, c2018
Serija:(Premio de Literatura Ciudad y Naturaleza José Emilio Pacheco)
Teme:
Oznake: Označite
Brez oznak, prvi označite!

MARC

LEADER 00000nam^a2200000^a^4500
001 000420553
005 20250530000000.0
009 20260310122514.189
020 |a 978-607-547-311-6 
037 |a Acervo ITESO - Biblioteca 
041 |a ESP 
082 |a 860.  |b PRE 2016 V. 1 
100 |a Gutiérrez Reyna, Jorge  |e (autor) 
245 1 3 |a El otro nombre de los árboles /  |c J. Gutiérrez Reyna ; presen. de E. Santana Castellón. 
264 4 |a Guadalajara, México :  |b Universidad de Guadalajara, Centro Cultural Universitario, Museo de Ciencias Ambientales :  |b Feria Internacional del Libro de Guadalajara,  |c 2018, c2018 
300 |a 64 p. 
336 |a texto  |b txt  |2 rdacontenido 
337 |a sin mediación  |b n  |2 rdamedio 
338 |a volumen  |b nc  |2 rdasoporte 
440 1 |a (Premio de Literatura Ciudad y Naturaleza José Emilio Pacheco) 
520 |a El Premio de Literatura Ciudad y Naturaleza José Emilio Pacheco, fue creado en 2016 por el Museo de Ciencias Ambientales, del Centro Cultural Universitario de la Universidad de Guadalajara, como un medio de expresión artística donde se reflexiona sobre los problemas, necesidades y deseos de un equilibrio ecológico en las ciudades. El premio, es dedicado alternadamente, a los géneros literarios de poesía y cuento, y los concursantes pueden participar desde cualquier lugar del mundo, con obra inédita en español. 
521 |a FIL 2019 DIA 
586 |a Premio de Literatura Ciudad y Naturaleza José Emilio Pacheco 2016 (Poesía), ex aequo 
649 |a XX 
650 |a Poesía Mexicana 
650 |a Literatura Mexicana -  |y Siglo XXI 
650 |a Naturaleza en la Literatura 
650 |a Ecología en la Literatura 
650 |a Ciudad en la Literatura 
650 |a Literatura -  |x Premios -  |z México -  |x Tema Principal 
650 |a Arte -  |x Premios -  |z México 
700 |a Santana Castellón, Eduardo  |e (presentación) 
910 |a Fondo General 
920 |a Impresos - Libros 
930 |a Colección General 
940 |a Literatura 
905 |a 101 
901 |a 0500339632  |b IT1  |c LIT  |i C169399  |u 20250521 
902 |a https://opac.biblio.iteso.mx/vufind/Record/000420553